000 00556nam a22001817a 4500
999 _c184050
_d184050
005 20220112113254.0
010 _aENG-131073
020 _a978-93-528-386-77
_c550.00
035 _aEN-114605
037 _bDBAD
082 _a004
100 _aMehrotra, Dheeraj
245 _aICSE COMPUTER SCIENCE:
_cDheraj Mehrotra
_bUsing Java/
260 _aNew Delhi
_bS Chand School Books
_c2013
270 _bNew Delhi
_aA-27, 2nd Floor, Mohan Co-operative Industrial Estate
_e110044
300 _a534p.
_c27cm(pbk)
942 _2ddc
_cEN
_h004
_mMEH